|
|
|
|
| LEADER |
01322cam a2200313 7i4500 |
| 001 |
0000021700 |
| 005 |
20190409090000.0 |
| 008 |
090330 bm |
| 020 |
|
|
|a 9799833376307 (pbk.)
|
| 020 |
|
|
|a 9833376304 (pbk.)
|
| 090 |
0 |
0 |
|a PN4784.16
|b .J46 2005
|
| 100 |
0 |
|
|a Jeniri Amir
|
| 245 |
1 |
0 |
|a Teknik wawancara
|c Jeniri Amir.
|
| 260 |
|
|
|a Bentong, Pahang:
|b PTS Professional Pub. Sdn. Bhd.,
|c 2005.
|
| 300 |
|
|
|a ix, 258 p.:
|b ill.;
|c 23 cm.
|
| 490 |
0 |
|
|a Siri Komunikasi Massa
|
| 504 |
|
|
|a Includes bibliographical references and index
|
| 650 |
0 |
0 |
|a Interviews --
|x Technique
|
| 650 |
0 |
0 |
|a Interviewing in journalism
|
| 650 |
0 |
0 |
|a Focused group interviewing
|
| 997 |
|
|
|a Communication, Visual Art & Computing, Faculty
|b Communication, Department
|
| 997 |
|
|
|a Education & Social Sciences, Faculty
|b Social Sciences, Department
|
| 998 |
|
|
|a Communication (Corporate Communication), Degree
|
| 999 |
|
|
|a 0000000140
|b BOK
|c OPEN SHELF
|e 1st Floor, Bestari Jaya
|
| 999 |
|
|
|a 0000000168
|b BOK
|c OPEN SHELF
|e 1st Floor, Bestari Jaya
|
| 999 |
|
|
|a 0000000174
|b BOK
|c OPEN SHELF
|e 1st Floor, Bestari Jaya
|
| 999 |
|
|
|a 0000065311
|b BOK
|c OPEN SHELF
|e 1st Floor, Bestari Jaya
|
| 999 |
|
|
|a 0000065312
|b BOK
|c OPEN SHELF
|e 1st Floor, Bestari Jaya
|
| 999 |
|
|
|a 0000065313
|b BOK
|c OPEN SHELF
|e 1st Floor, Bestari Jaya
|